عرض عادي
عرض مارك
- Mullins, John W.
مدخل إسم شخص
001 - رقم الضبط
- حقل الضبط: 44706
003 - معرف رقم الضبط
- حقل الضبط: OSt
005 - تاريخ ووقت أخر عملية
- حقل الضبط: 20140511170242.0
008 - عناصر بيانات ثابتة الطول
- حقل تحكم ثابت الطول: 140511|||a|||||| | ||| d
040 ## - مصدر الفهرسة
- هيئة الفهرسة الأصلية: OSt
- وكالة الكتابة: OSt
100 ## - مدخل -- أسم شخص
- إسم شخص: Mullins, John W.
- الشكل الكامل للاسم: (John Walker)
- مصطلح الرابط: Co-author.
670 ## - بيانات المصدر موجوده
- الاستشهاد بالمصدر: Work cat.: (OSt): Walker, Orville C. 44705, Marketing strategy /, 2014.
